| 000 | 01851cam a22003131i 4500 | ||
|---|---|---|---|
| 003 | SA-RiAUC | ||
| 005 | 20250129081414.0 | ||
| 008 | 241007q19001999le g 000 0 ara c | ||
| 040 |
_aJO-AmWISE _bara _cSA-RiAUC _erda |
||
| 082 | 0 | 4 |
_a258.1 _qSA-RiAUC |
| 090 |
_a258.1 ا ب ن ع _b ا ب ن ع |
||
| 100 | 1 |
_aابن عابدين، محمد أمين بن عمر، _d1198-1252 هجري _eمؤلف. |
|
| 245 | 1 | 0 |
_aرد المحتار على الدر المختار : _bحاشية ابن عابدين / _cمحمد أمين بن عمر زكريا عابدين. |
| 246 | 3 | 0 | _aحاشية ابن عابدين |
| 264 | 1 |
_aبيروت : _bدار الكتب العلمية، _c1233 |
|
| 300 |
_aمجلدات ؛ _c24 سم |
||
| 336 |
_aنص _btxt _2rdacontent _3كتاب |
||
| 337 |
_aبدون وسيط _bn _2rdamedia |
||
| 338 |
_aمجلد _bnc _2rdacarrier |
||
| 500 | _aملاحظات من الشيخ الدكتور عبدالوهاب سليمان رحمه الله بداخل الكتاب | ||
| 650 | 7 |
_aالفقه الحنفي _2aucsh |
|
| 650 | 7 |
_aالفقه الإسلامي _xمذاهب _2aucsh |
|
| 700 | 1 | 2 |
_aعلاء الدين الحصكفي، محمد بن علي بن محمد، _d1025-1088 هجري _tالدر المختار : شرح تنوير الأبصار في فقه الإمام أبي حنيفة النعمان. |
| 700 | 1 | 2 |
_aالخطيب التمرتاشي، محمد بن عبد الله بن أحمد، _d939-1004 هجري _tتنوير الأبصار في فقه مذهب الإمام أبي حنيفة النعمان. |
| 740 | 2 | 2 | _aالدر المختار : شرح تنوير الأبصار في فقه الإمام أبي حنيفة النعمان. |
| 740 | 0 | 2 | _aتنوير الأبصار في فقه مذهب الإمام أبي حنيفة النعمان. |
| 942 |
_2ddc _cBOOK _n0 |
||
| 949 |
_aSA-JeALM _d241007 _umohamedma123 _n1 |
||
| 999 |
_c1021 _d1021 |
||